Grape pest management
Gespeichert in:
| Hauptverfasser: | , , , , , |
|---|---|
| Format: | Buch |
| Sprache: | Englisch |
| Veröffentlicht: |
San Diego
University of California
1992
|
| Schlagworte: | |
| Tags: |
Tag hinzufügen
Keine Tags, Fügen Sie den ersten Tag hinzu!
|
MARC
| LEADER | 00000cam a2200000 a 4500 | ||
|---|---|---|---|
| 001 | UCH4473 | ||
| 003 | CL-VaPUC | ||
| 008 | 090820e19920000US |||||||||||||||||eng|d | ||
| 020 | |a 0931876966 | ||
| 082 | 0 | 4 | |a 634.82 |b FLA |2 21 |
| 100 | 0 | |a Flaherty, Donald L |e author |9 539996 | |
| 700 | 0 | |a Christensen, L. Peter |e author |9 539997 | |
| 700 | 0 | |a Lanini, W. Thomas |e author |9 539998 | |
| 700 | 0 | |a Marois, James J |e author |9 539999 | |
| 700 | 0 | |a Phillips, Phil A |e author |9 540000 | |
| 700 | 0 | |a Wilson, Lloyd T |e author |9 540001 | |
| 245 | 1 | 0 | |a Grape pest management |
| 300 | |a 400 p | ||
| 942 | |c BK | ||
| 945 | |d 20090820 00:00:00 |a rbrito | ||
| 260 | |a San Diego |b University of California |c 1992 | ||
| 650 | 7 | |a UVAS PARA MESA |2 CL-VaPUC |9 540002 | |
| 650 | 0 | |a Cultivo |9 264268 | |
| 650 | 0 | |a Control de plagas |9 327373 | |
| 650 | 0 | |a Enfermedades de las plantas |9 259687 | |
| 650 | 0 | |a Viticultura |9 301210 | |
| 650 | 0 | |a Insectos dañinos |9 529328 | |
| 650 | 7 | |a NEMATODOS |2 CL-VaPUC |9 395508 | |
| 650 | 0 | |a Pesticidas |9 358300 | |
| 583 | |a last modification |c 20170228 12:12:17 |k Rodrigo Vera | ||
| 999 | |c 335782 |d 335780 | ||
| 952 | |0 0 |1 0 |4 0 |6 634_820000000000000_FLA_1992 |7 0 |8 A |9 426497 |a BIBAGR |b BIBAGR |d 2019-11-22 |i 4590708 |o 634.82 FLA 1992 |p 4590708 |r 2025-01-20 |w 2019-11-22 |y BK |k AGR | ||
| 952 | |0 0 |1 0 |4 0 |6 634_820000000000000_FLA_1992 |7 0 |8 A |9 426498 |a BIBAGR |b BIBAGR |d 2019-11-22 |i 4590716 |o 634.82 FLA 1992 |p 4590716 |r 2025-01-20 |w 2019-11-22 |y BK |k AGR | ||
| 952 | |0 0 |1 0 |4 0 |6 634_820000000000000_FLA_1992 |7 0 |8 A |9 426499 |a BIBAGR |b BIBAGR |d 2019-11-22 |i 4590724 |o 634.82 FLA 1992 |p 4590724 |r 2025-01-20 |w 2019-11-22 |y BK |k AGR | ||